000 00309nam a22001457a 4500
008 231101b ||||| |||| 00| 0 eng d
020 _a3540134034
041 _aeng
080 _a521
082 _a521HOF
100 _a19
101 _aASTRO
245 _aVARIABLE STARS
_cHOFFMEISTER.C
942 _2udc
_cBK
999 _c60484
_d60484